Statistiken für Top 15 Länder mit Covid-19-Todesfällen - 4. Mai 2021

Klicken Sie hier um das Quiz zu spielen!

Allgemein

  • Dieses Quiz wurde 11 mal gespielt
  • Das Durchschnittsergebnis liegt bei 18 aus 24

Antwortstatistiken

Land% Korrekt
Argentinien
100%
Brasilien
100%
Deutschland
100%
Frankreich
100%
Indien
100%
Italien
100%
Russland
100%
Spanien
100%
Vereinigte Staaten
100%
Mexiko
91%
Belgien
82%
Kolumbien
82%
Peru
82%
Polen
73%
Tschechien
73%
Vereinigtes Königreich
73%
Iran
64%
Ungarn
64%
Kroatien
45%
Slowakei
45%
Slowenien
45%
Bosnien und
Herzegowina
36%
Bulgarien
36%
Nordmazedonien
36%

Verteilung der Resultate

Perzentil nach korrekt beantworteten Fragen

Anzahl Personen mit jedem Resultat

Ihre Resultats-Entwicklung

Sie haben dieses Quiz noch nicht gespielt